Statistiche per Città e Regioni - Quiz n°25

Clicka qui per fare il quiz!

Statistiche generali

  • Questo quiz è stato fatto 34 volte
  • Il punteggio medio è 9 su 10

Statistiche sulle risposte

HintRisposta% Corretto
MateraBasilicata
100%
Giugliano in CampaniaCampania
100%
BarlettaPuglia
96%
FirenzeToscana
96%
Conegliano VenetoVeneto
96%
Torre del GrecoCampania
85%
BraPiemonte
81%
FrascatiLazio
77%
Nocera InferioreCampania
65%
PoggibonsiToscana
65%

Distribuzione punteggi

Percentile per numero di risposta

Percentuale di utenti per punteggio

I tuoi punteggi nel tempo

Non hai fatto questo quiz